[Event "6Ã¨me LUC open"]
[Site "Lille"]
[Date "2015-05-05"]
[Round "2.65"]
[White "COUSSEMENT, Serge"]
[Black "FEY, Werner"]
[Result "1-0"]
[WhiteElo "1317"]
[BlackElo "1571"]

1. c4 Nf6 2. g3 g6 3. d4 d6 4. Nf3 Bg7 5. Bg2 O-O 6. O-O Re8 7. Nc3 Nbd7 8. Bd2
e5 9. d5 b6 10. e4 Nc5 11. Qe2 Ng4 12. Bg5 f6 13. Bd2 f5 14. b4 Nb7 15. h3 Nf6
16. Bg5 h6 17. Be3 Nh5 18. Qd2 g5 19. h4 f4 20. hxg5 fxe3 21. Qxe3 hxg5 22.
Nxg5 Bh6 23. f4 Qe7 24. Ne2 Bd7 25. Bf3 Ng7 26. b5 Rf8 27. Kg2 Bxg5 28. fxg5
Be8 29. Rh1 Bg6 30. Rh6 Rxf3 31. Qxf3 Qxg5 32. Rah1 Nf5 33. exf5 e4 34. Qf4
Qxf5 35. Rh8+ Kg7 36. Rxa8 Nc5 37. Qxf5 Bxf5 38. Nf4 Kf6 39. Rf8+ Ke5 40. Ne2
Bg4 41. Kf2 Bxe2 42. Kxe2 Kd4 43. Rf4 Kxc4 44. g4 Kxd5 45. g5 Ke5 46. Rff1 d5
47. g6 Ne6 48. Rf7 d4 49. Rh5+ 1-0

*

[Event "6Ã¨me LUC open"]
[Site "Lille"]
[Date "2015-05-05"]
[Round "2.66"]
[White "BERZIN, Serge"]
[Black "TINARRAGE, Xavier"]
[Result "1-0"]
[WhiteElo "1566"]
[BlackElo "1320"]

1. c4 Nf6 2. Nc3 g6 3. Nf3 Bg7 4. g3 O-O 5. Bg2 Nc6 6. d4 d6 7. O-O Re8 8. e4
e5 9. dxe5 dxe5 10. Bg5 h6 11. Qxd8 Rxd8 12. Bxf6 Bxf6 13. Nd5 Kg7 14. Nxc7 Rb8
15. Nd5 b6 16. Rad1 Be6 17. b3 Rbc8 18. a3 Nd4 19. Nxd4 exd4 20. f4 Bxd5 21.
exd5 Be7 22. a4 Bc5 23. h4 Re8 24. Kh2 Rcd8 25. b4 Bxb4 26. Rxd4 Bc5 27. Rd3
Re2 28. Kh3 h5 29. Rfd1 Rc2 30. d6 Rxc4 31. Bc6 Bf2 32. Bb5 Re4 33. R1d2 Bc5
34. d7 Re1 35. Rd1 Re7 36. Rd5 Kf6 37. R5d3 Bf2 38. Rd6+ Re6 39. R1d2 Bc5 40.
Rxe6+ fxe6 41. Re2 Ke7 42. g4 Rf8 43. Re4 hxg4+ 44. Kxg4 Rf5 45. Re5 Rxe5 46.
fxe5 Bd4 47. Kf4 Bf2 48. Kg5 Bd4 49. Kxg6 Bxe5 50. h5 Bd4 51. h6 e5 52. Kf5 e4
53. Kxe4 Bf6 54. Kd5 Kf8 55. Ke6 Bd8 56. h7 Kg7 57. Bd3 a5 58. Kd6 b5 59. axb5
a4 60. Kc6 a3 61. Bc4 Kxh7 62. b6 1-0

*

[Event "6Ã¨me LUC open"]
[Site "Lille"]
[Date "2015-05-05"]
[Round "2.67"]
[White "CHACHIACHVILI, Salome"]
[Black "ROMMELAERE, Stephane"]
[Result "0-1"]
[WhiteElo "1192"]
[BlackElo "1539"]

1. e4 e6 2. Nc3 d5 3. exd5 exd5 4. d4 c6 5. Bd3 Bd6 6. Nf3 Ne7 7. Be3 Bf5 8.
Qd2 Nd7 9. h3 Bxd3 10. Qxd3 O-O 11. O-O Ng6 12. Qd2 Qc7 13. Ne2 Nf6 14. Nc3
Rfe8 15. Rae1 Ne4 16. Nxe4 dxe4 17. Ne5 Nxe5 18. dxe5 Bxe5 19. b3 Rad8 20. Qb4
b6 21. Kh1 Bd6 22. Qa4 a5 23. Bd2 Be5 24. Bc1 Bd4 25. c4 Bc5 26. Ba3 Bxa3 27.
Qxa3 Rd2 28. Rd1 Qd7 29. Qc1 Rd8 30. Rxd2 Qxd2 31. Qxd2 Rxd2 32. Re1 f5 33. g4
Rxf2 34. gxf5 Rxf5 35. Rxe4 Kf7 36. Kg2 h5 37. Rd4 Ke7 38. Rd3 h4 39. Rd4 g5
40. a3 Ke6 41. Rd8 b5 42. a4 bxc4 43. bxc4 Ke5 44. Rd3 Rf4 45. Re3+ Kd6 46. c5+
Kd5 47. Kg1 Rxa4 48. Rf3 Rf4 49. Ra3 a4 50. Rc3 Rc4 51. Rf3 Rxc5 52. Ra3 Ra5
53. Rf3 Kc4 54. Kf2 Rd5 55. Re3 c5 56. Re4+ Kb5 57. Re1 g4 58. Kg2 a3 59. Ra1
Ka4 60. Rc1 a2 61. Ra1 Ka3 62. Rxa2+ Kxa2 63. Kg1 c4 64. Kg2 c3 65. Kh1 c2 66.
Kg2 c1=Q 67. Kh2 Rd2# 0-1

*

[Event "6Ã¨me LUC open"]
[Site "Lille"]
[Date "2015-05-05"]
[Round "2.68"]
[White "MARIE, Olivier"]
[Black "PETIT, Michel"]
[Result "1-0"]
[WhiteElo "1527"]
[BlackElo "1298"]

1. d4 Nc6 2. c4 d5 3. cxd5 Qxd5 4. Nf3 Bg4 5. Nc3 Qa5 6. e3 e6 7. Be2 Nf6 8.
Bd2 Bb4 9. O-O O-O 10. Qb3 Bxc3 11. Bxc3 Qb6 12. Qxb6 axb6 13. a3 Nd5 14. Rac1
Nce7 15. Rfe1 Rfc8 16. Ne5 Bxe2 17. Rxe2 f6 18. Nf3 b5 19. e4 Nf4 20. Rec2 Nd3
21. Rd1 Nf4 22. Bd2 Nfg6 23. Rdc1 c6 24. h4 e5 25. h5 Nf4 26. Bxf4 exf4 27. d5
Ra4 28. e5 Nxd5 29. exf6 Nxf6 30. Rc5 Ne4 31. Rxb5 cxb5 32. Rxc8+ Kf7 33. Rc7+
Kf6 34. Rxb7 Nd6 35. Rb6 Ke7 36. Ne5 Re4 37. Nf3 Re2 38. a4 Rxb2 39. axb5 Rb1+
40. Kh2 Nxb5 41. Nd4 Nc3 42. Rxb1 Nxb1 43. Kh3 Nc3 44. Kg4 Nd5 45. Ne2 Kf6 46.
Nxf4 Nxf4 47. Kxf4 h6 48. g4 Ke6 49. Ke4 Kf6 50. f4 Ke6 51. g5 Kf7 52. gxh6
gxh6 53. Kf5 Kg7 54. Ke6 Kg8 55. Kf6 Kh7 56. f5 Kh8 57. Kg6 Kg8 58. f6 Kh8 59.
Kxh6 Kg8 60. Kg6 Kf8 61. f7 1-0

*

[Event "6Ã¨me LUC open"]
[Site "Lille"]
[Date "2015-05-05"]
[Round "2.69"]
[White "LARTIGOT, Gerard"]
[Black "DESCHUYTENEER, Lucien"]
[Result "0-1"]
[WhiteElo "1150"]
[BlackElo "1503"]

1. e4 e5 2. Nf3 Nf6 3. Bc4 Bc5 4. c3 d6 5. d4 exd4 6. Nxd4 Nc6 7. Nxc6 bxc6 8.
Bg5 O-O 9. O-O h6 10. Bxf6 Qxf6 11. Nd2 Qg6 12. Qa4 Bh3 13. g3 Bxf1 14. Bxf1 d5
15. Bg2 Qf6 16. Rf1 Rab8 17. Qc2 Rb6 18. b4 Be7 19. a3 Rd8 20. f4 g6 21. e5 Qf5
22. Qxf5 gxf5 23. Bh3 d4 24. c4 c5 25. b5 Rbb8 26. Bxf5 Kg7 27. Re1 Rb6 28. Kg2
a6 29. a4 axb5 30. axb5 Ra8 31. Kh3 Ra2 32. Rd1 Rb7 33. Be4 Rba7 34. f5 Ra1 35.
f6+ Bxf6 36. exf6+ Kxf6 37. Rb1 Rxb1 38. Nxb1 Ra2 39. Bd3 Ke5 0-1

*

[Event "6Ã¨me LUC open"]
[Site "Lille"]
[Date "2015-05-05"]
[Round "2.70"]
[White "RYS, Ludovic"]
[Black "DOLET, Bruno"]
[Result "1-0"]
[WhiteElo "1493"]
[BlackElo "1160"]

1. Nf3 d5 2. g3 Nc6 3. d4 Bg4 4. Bg2 Nf6 5. O-O e6 6. Nc3 a6 7. Bg5 h6 8. Bf4
g5 9. Be5 Qe7 10. Na4 Rg8 11. Nc5 Ra7 12. c3 Nxe5 13. Nxe5 b6 14. Qa4+ b5 15.
Qd1 Ne4 16. Nxg4 Nxc5 17. dxc5 Qxc5 18. Nf6+ Kd8 19. Nxg8 Rb7 20. e4 Bg7 21.
exd5 exd5 22. Bxd5 Kc8 23. Bxb7+ Kxb7 24. Qf3+ c6 25. Qxf7+ 1-0

*

[Event "6Ã¨me LUC open"]
[Site "Lille"]
[Date "2015-05-05"]
[Round "2.71"]
[White "DE VILLENOISY, Nicole"]
[Black "GEAY, Philippe"]
[Result "0-1"]
[WhiteElo "1090"]
[BlackElo "1482"]

1. e4 c5 2. Nf3 g6 3. d4 Bg7 4. Nc3 Nc6 5. Be3 cxd4 6. Nxd4 Qa5 7. Nxc6 bxc6 8.
Qd2 Nf6 9. O-O-O Rb8 10. b3 Qa3+ 11. Kb1 Nxe4 12. Qc1 Nxc3+ 13. Ka1 Qxa2# 0-1

*

[Event "6Ã¨me LUC open"]
[Site "Lille"]
[Date "2015-05-05"]
[Round "2.72"]
[White "COUSTENOBLE, Hugo"]
[Black "QI, Mei"]
[Result "1-0"]
[WhiteElo "1471"]
[BlackElo "1150"]

1. e4 e5 2. Nf3 Nf6 3. d4 exd4 4. e5 Bb4+ 5. Bd2 Bxd2+ 6. Qxd2 Qe7 7. Be2 Ng4
8. Qxd4 d6 9. exd6 Qf6 10. Qxf6 Nxf6 11. dxc7 Na6 12. O-O O-O 13. Bxa6 bxa6 14.
Nc3 Re8 15. Rfe1 Be6 16. Nd4 Rac8 17. Nxe6 fxe6 18. Rad1 Rxc7 19. Rd6 Rce7 20.
Rxa6 1-0

*

[Event "6Ã¨me LUC open"]
[Site "Lille"]
[Date "2015-05-05"]
[Round "2.73"]
[White "KOPEREC, Mathis"]
[Black "CABARRUS, Valentin"]
[Result "0-1"]
[WhiteElo "1009"]
[BlackElo "1469"]

1. d4 d5 2. c4 c6 3. e3 Nf6 4. Nc3 a6 5. Bd3 b5 6. Qb3 dxc4 7. Bxc4 bxc4 8.
Qxc4 Bf5 9. f3 Nd5 10. e4 Nxc3 11. Qxc3 Bg6 12. Ne2 e6 13. Nf4 Qb6 14. Nxg6 Bb4
15. Nxh8 Bxc3+ 16. bxc3 c5 17. Be3 c4 18. O-O Kf8 19. Rab1 Qc7 20. d5 exd5 21.
Bb6 Qc6 22. exd5 Qd6 23. Rfe1 Nd7 24. Bd4 Kg8 25. Re2 Kxh8 26. Re4 Qxd5 27.
Rbe1 h6 28. Rd1 Kg8 29. Rde1 Rc8 30. Rg4 g6 31. Rge4 Nf8 32. Rh4 Kh7 33. Be3 h5
34. g4 Qxf3 35. g5 Re8 36. Rf4 Qd5 37. Rd4 Qc6 38. Kf2 Ne6 39. Rd2 Qc7 40. Bd4
Qxh2+ 41. Kf1 Qxd2 42. Re2 Qxg5 43. Be3 Qd5 44. Rd2 Qa5 45. Rc2 g5 46. Ba7 f5
47. Rh2 h4 48. Rf2 g4 49. Rxf5 Qxf5+ 50. Ke1 Nd4+ 51. Kd2 Qc2# 0-1

*

[Event "6Ã¨me LUC open"]
[Site "Lille"]
[Date "2015-05-05"]
[Round "2.74"]
[White "MANGANI, Jean-Pierre"]
[Black "DARONDEL, Marlene"]
[Result "1-0"]
[WhiteElo "1463"]
[BlackElo "1030"]

1. e4 e5 2. Nf3 Nc6 3. Bb5 Nf6 4. O-O Bc5 5. Bxc6 bxc6 6. Nxe5 d6 7. Nd3 Bd4 8.
c3 Be5 9. f4 Bg4 10. Qe1 c5 11. fxe5 1-0

*

[Event "6Ã¨me LUC open"]
[Site "Lille"]
[Date "2015-05-05"]
[Round "2.75"]
[White "LETEURTRE, Nathan"]
[Black "HUYSMAN, Robert"]
[Result "0-1"]
[WhiteElo "1009"]
[BlackElo "1461"]

1. e4 e6 2. f3 d5 3. d4 Bd7 4. exd5 exd5 5. Be2 Bd6 6. Nc3 c6 7. f4 Nf6 8. Nf3
Bf5 9. Bd3 Bg6 10. Qe2+ Qe7 11. Qxe7+ Kxe7 12. Be3 Bxd3 13. cxd3 Ng4 14. Bd2
Re8 15. O-O Kf8 16. h3 Ne3 17. Bxe3 Rxe3 18. Ne1 Nd7 19. Nd1 Re2 20. Nc3 Rxb2
21. Na4 Rb4 22. Nc3 Rxd4 23. Ne2 Rb4 24. a3 Rb2 25. Nd4 Bc5 26. Nef3 Re8 27.
Kh1 Bd6 28. Ng5 c5 29. Nf5 Bc7 30. Rac1 h6 31. Nh7+ Kg8 32. Nxh6+ gxh6 33. Rxc5
Bb6 34. Rxd5 Re7 35. f5 f6 36. Rd6 Rxh7 37. Re6 Rf7 38. Rfe1 Ne5 39. Re3 Rb1+
40. Re1 0-1

*

[Event "6Ã¨me LUC open"]
[Site "Lille"]
[Date "2015-04-05"]
[Round "1.1"]
[White "MOKAL, Amruta Sunil"]
[Black "GHARAMIAN, Tigran"]
[Result "0-1"]
[WhiteElo "2130"]
[BlackElo "2647"]

1. e4 c5 2. Nf3 d6 3. d4 cxd4 4. Nxd4 Nf6 5. Nc3 a6 6. Be2 e5 7. Nb3 Be7 8. Bg5
Be6 9. Bxf6 Bxf6 10. Qd3 Be7 11. O-O-O Nd7 12. Nd5 Bxd5 13. Qxd5 Qb6 14. Rhf1
O-O 15. Kb1 Nf6 16. Qd3 Rad8 17. Bf3 Rc8 18. g4 Ne8 19. Nc1 Bh4 20. Qd2 h6 21.
Bg2 Rc6 22. f4 exf4 23. Qxf4 Nf6 24. e5 dxe5 25. Qxe5 Rc5 26. Qd4 Qc7 27. c3
Rc4 28. Qd6 Nxg4 29. Qxc7 Rxc7 30. Rd4 Ne3 31. Rxh4 Nxg2 32. Rh3 Rc6 33. Rf2
Rg6 34. Nd3 Re8 35. Rhf3 Ne1 36. Nxe1 Rxe1+ 37. Kc2 Re7 38. Rd3 Rge6 39. Kb3 g6
40. Rfd2 Kg7 41. Kb4 f5 42. c4 f4 43. c5 g5 44. Ka5 Rf7 45. b4 f3 46. Rf2 g4
47. a4 Kg6 48. b5 axb5 49. axb5 Rf5 50. Rd7 Rxc5 51. Rxb7 Rce5 52. Rc7 Re2 53.
Rf1 Rxh2 54. b6 Rb2 55. Ka6 f2 0-1

*

[Event "6Ã¨me LUC open"]
[Site "Lille"]
[Date "2015-04-05"]
[Round "1.2"]
[White "ZHIGALKO, Andrey"]
[Black "VAN LOMMEL, Patrick"]
[Result "1-0"]
[WhiteElo "2586"]
[BlackElo "2120"]

1. e4 e6 2. d3 d5 3. Nd2 Nf6 4. Ngf3 b6 5. c3 dxe4 6. dxe4 Bb7 7. Bb5+ Nfd7 8.
O-O a6 9. Be2 Nc6 10. Qc2 Be7 11. Re1 Qc8 12. Nf1 O-O 13. Bf4 a5 14. Ng3 e5 15.
Be3 Bc5 16. Qc1 Bxe3 17. Qxe3 Nc5 18. Bc4 Ne6 19. Nf5 Kh8 20. Ng5 g6 21. Nxh7
Nf4 22. Nxf8 gxf5 23. Nd7 Qg8 24. Bf1 Ba6 25. g3 Qg7 26. Bxa6 Rxa6 27. Kf1 Nh3
28. Qe2 1-0

*

[Event "6Ã¨me LUC open"]
[Site "Lille"]
[Date "2015-04-05"]
[Round "1.3"]
[White "DIAZ, Franck"]
[Black "BURMAKIN, Vladimir"]
[Result "0-1"]
[WhiteElo "2111"]
[BlackElo "2585"]

1. e4 c6 2. Nf3 d5 3. exd5 cxd5 4. Ne5 Nf6 5. d4 Nc6 6. c3 g6 7. Bb5 Bd7 8.
Nxd7 Qxd7 9. O-O Bg7 10. Nd2 a6 11. Bd3 O-O 12. Re1 Qc7 13. Nf3 e6 14. Bg5 Rfc8
15. h4 b5 16. Rc1 Qd6 17. Bxf6 Bxf6 18. h5 b4 19. hxg6 hxg6 20. Ne5 Nxe5 21.
dxe5 {partie illisible} 0-1

*

[Event "6Ã¨me LUC open"]
[Site "Lille"]
[Date "2015-04-05"]
[Round "1.4"]
[White "MAIOROV, Nikita"]
[Black "VAN VLIET, Dennis"]
[Result "1-0"]
[WhiteElo "2563"]
[BlackElo "2109"]

1. d4 d5 2. c4 e6 3. Nf3 c5 4. cxd5 exd5 5. e3 Nc6 6. Be2 Nf6 7. O-O Bd6 8.
dxc5 Bxc5 9. Nc3 a6 10. Nd4 O-O 11. Nxc6 bxc6 12. b3 Re8 13. Bb2 Qd6 14. Rc1
Ba7 15. Bf3 Bf5 16. Na4 Ne4 17. Bd4 Bb8 18. g3 Qg6 19. Nc5 Bh3 20. Re1 Qf5 21.
Nxe4 dxe4 22. Be2 Bd6 23. Rxc6 Re6 24. Qc2 Rh6 25. f4 Rd8 26. Rd1 Bg2 27. g4
Qd7 28. Kxg2 1-0

*

[Event "6Ã¨me LUC open"]
[Site "Lille"]
[Date "2015-04-05"]
[Round "1.5"]
[White "MADDENS, Martijn"]
[Black "CHATALBASHEV, Boris"]
[Result "0-1"]
[WhiteElo "2095"]
[BlackElo "2541"]

1. e4 g6 2. d4 Bg7 3. Nc3 d6 4. Be3 a6 5. Qd2 Nd7 6. O-O-O b5 7. f3 Nb6 8. b3
Bb7 9. Kb1 Nf6 10. g4 h5 11. g5 Nfd7 12. d5 O-O 13. Bd4 Bxd4 14. Qxd4 e5 15.
Qe3 Nc5 16. Nh3 c6 17. dxc6 Bxc6 18. Nf2 Rb8 19. Nd3 Nc4 20. Qc1 Qa5 21. Nxc5
Qxc3 22. Bxc4 dxc5 23. Rd3 Qb4 24. Rd6 bxc4 25. Rxc6 a5 26. Qe3 cxb3 27. cxb3
c4 28. Qc5 cxb3 29. Qxb4 Rxb4 30. Rc3 Rfb8 31. axb3 Rxb3+ 32. Kc2 Rb2+ 33. Kd3
Rf2 34. Rc5 Rxf3+ 35. Kc4 Rb4+ 0-1

*

[Event "6Ã¨me LUC open"]
[Site "Lille"]
[Date "2015-04-05"]
[Round "1.6"]
[White "STRIKOVIC, Aleksa"]
[Black "GRIGORIAN, Roudolph"]
[Result "1-0"]
[WhiteElo "2526"]
[BlackElo "2093"]

1. c4 e5 2. Nc3 Nf6 3. Nf3 Nc6 4. e3 d5 5. cxd5 Nxd5 6. Qc2 g6 7. Nxe5 Nxe3 8.
dxe3 Nxe5 9. Bd2 Be6 10. Ne4 Qe7 11. Bc3 Bg7 12. f4 Bf5 13. O-O-O Nd7 14. Bxg7
Bxe4 15. Qxc7 Rg8 16. Bb5 Bc6 17. Bxc6 bxc6 18. Qxc6 Qc5+ 19. Qxc5 Nxc5 20. Be5
Ne4 21. Rd4 Rc8+ 22. Kb1 f5 23. Rhd1 g5 24. g3 Rg6 25. fxg5 Rb6 26. Rd5 Nxg5
27. Bd4 Rbc6 28. Rxf5 Ne6 29. Bc3 Nc5 30. Rd4 Re6 31. Rc4 Rec6 32. a4 Ke7 1-0

*

[Event "6Ã¨me LUC open"]
[Site "Lille"]
[Date "2015-04-05"]
[Round "1.7"]
[White "BECUWE, Olivier"]
[Black "BAILET, Pierre"]
[Result "0-1"]
[WhiteElo "2083"]
[BlackElo "2519"]

1. e4 c5 2. Nf3 Nc6 3. b4 cxb4 4. d4 d5 5. exd5 Qxd5 6. c4 bxc3 7. Nxc3 Qa5 8.
d5 e6 9. Bd2 exd5 10. Nb5 Bb4 11. Nd6+ Ke7 12. Nxc8+ Rxc8 13. Bd3 Bxd2+ 14.
Nxd2 Nf6 15. Qe2+ Kf8 16. O-O g6 17. Rab1 Qc7 18. Nf3 Kg7 19. Qb2 b6 20. Rfc1
Qd6 21. Ba6 Rc7 22. Qc3 Re8 23. Bf1 Ree7 24. Nd4 Nxd4 25. Qxd4 Rc5 26. Re1 Rc2
27. Rxe7 Qxe7 28. Bd3 Rd2 29. Rc1 Qa3 0-1

*

[Event "6Ã¨me LUC open"]
[Site "Lille"]
[Date "2015-04-05"]
[Round "1.8"]
[White "VAN FOREEST, Jorden"]
[Black "DUMAS, Victor"]
[Result "1-0"]
[WhiteElo "2519"]
[BlackElo "2066"]

1. e4 e5 2. Nf3 Nc6 3. Bb5 f5 4. d3 fxe4 5. dxe4 Nf6 6. O-O d6 7. Nc3 Be7 8.
Qd3 Be6 9. Ng5 Bg8 10. f4 Ng4 11. Qg3 h5 12. Nf3 exf4 13. Bxf4 g5 14. Bd2 Be6
15. Nd4 Bd7 16. Nf5 Nf6 17. Nd5 Nd4 18. Bxd7+ Kxd7 19. Qd3 Nc6 20. Qb5 Re8 21.
Nxd6 Bxd6 22. Rad1 Rxe4 23. Nb4 Re5 24. Qxb7 Nxb4 25. Bxb4 1-0

*

[Event "6Ã¨me LUC open"]
[Site "Lille"]
[Date "2015-04-05"]
[Round "1.9"]
[White "FAURE, StÃ©phane"]
[Black "DEMUTH, Adrien"]
[Result "0-1"]
[WhiteElo "2063"]
[BlackElo "2515"]

1. e4 c5 2. Nf3 d6 3. d4 cxd4 4. Nxd4 Nf6 5. Nc3 Nc6 6. Bg5 e6 7. Qd2 a6 8. Nb3
b5 9. f4 b4 10. e5 dxe5 11. Qxd8+ Kxd8 12. O-O-O+ Kc7 13. fxe5 h6 14. exf6 hxg5
15. Ne4 gxf6 16. Nxf6 Be7 17. Ne4 Ne5 18. Nf2 Bb7 19. Re1 Nd7 20. Kb1 a5 21.
Ng4 Rh4 22. h3 a4 23. Nd2 Rah8 24. Ne5 Nxe5 25. Rxe5 g4 26. c3 bxc3 27. bxc3
Rg8 28. Ra5 gxh3 29. Rxh3 Rxh3 30. gxh3 Rg1 31. Rh5 Bg5 32. Rh7 Rxf1+ 0-1

*

[Event "6Ã¨me LUC open"]
[Site "Lille"]
[Date "2015-04-05"]
[Round "1.10"]
[White "MANOLACHE, Marius"]
[Black "Noordhoek, Henk"]
[Result "1-0"]
[WhiteElo "2498"]
[BlackElo "2026"]

1. d4 Nf6 2. Bg5 e6 3. e4 c5 4. d5 h6 5. Bxf6 Qxf6 6. Nc3 d6 7. Bb5+ Nd7 8.
dxe6 fxe6 9. Nf3 a6 10. e5 Qf7 11. exd6 axb5 12. Nxb5 Ra4 13. O-O Qf4 14. Re1
Re4 15. Qd3 Nf6 16. Nc3 Rxe1+ 17. Rxe1 Bd7 18. Ne5 Rg8 19. Nxd7 Nxd7 20. Qg6+
Kd8 21. Qxe6 Nf6 22. d7 Bd6 23. g3 Qd2 24. Rd1 Qxc2 25. Qxd6 1-0

*

[Event "6Ã¨me LUC open"]
[Site "Lille"]
[Date "2015-04-05"]
[Round "1.11"]
[White "SOBRY, Sebastien"]
[Black "KARPATCHEV, Aleksandr"]
[Result "0-1"]
[WhiteElo "2033"]
[BlackElo "2466"]

1. e4 e5 2. Nf3 Nc6 3. Bb5 a6 4. Ba4 Nge7 5. O-O g6 6. c3 Bg7 7. d3 O-O 8. Re1
d6 9. h3 h6 10. d4 exd4 11. cxd4 b5 12. Bb3 Na5 13. Bc2 c5 14. Nbd2 cxd4 15.
Nb3 Nxb3 16. Bxb3 Qb6 17. Bf4 Be6 18. e5 dxe5 19. Bxe5 Bxb3 20. Qxb3 Nc6 21.
Bxg7 Kxg7 22. Rad1 Rad8 23. Rd3 Rd6 24. Ne5 Re6 25. Nf3 Rxe1+ 26. Nxe1 Qc5 27.
Qd1 Rd8 28. Nf3 Nb4 29. Rxd4 Rxd4 30. Nxd4 Nxa2 31. Nb3 Qc4 32. g3 Nb4 33. Nd2
Qc2 34. Qxc2 Nxc2 35. Kf1 Nd4 36. Ne4 a5 37. Ke1 f5 38. Nd6 Kf6 39. Kd2 Ke5 40.
Nc8 Nc6 41. Kd3 Kd5 42. h4 Kc5 43. g4 h5 44. gxh5 gxh5 0-1

*

[Event "6Ã¨me LUC open"]
[Site "Lille"]
[Date "2015-04-05"]
[Round "1.12"]
[White "NAUMKIN, Igor"]
[Black "REAL, Thibault"]
[Result "1-0"]
[WhiteElo "2445"]
[BlackElo "2026"]

1. d4 Nf6 2. c4 g6 3. Nc3 Bg7 4. e4 d6 5. Nf3 O-O 6. Be2 e5 7. d5 a5 8. Bg5 h6
9. Bh4 Na6 10. Nd2 Nc5 11. O-O Qe8 12. b3 Bd7 13. a3 Kh7 14. Qc2 Ng8 15. b4
axb4 16. axb4 Na6 17. Rab1 f5 18. f3 Nf6 19. c5 dxc5 20. Bxa6 Rxa6 21. bxc5 Bc8
22. Nc4 Nd7 23. Nb5 Nxc5 24. Nxc7 Qa4 25. Qxa4 Rxa4 26. Nb6 Ra5 27. Be1 Ra2 28.
Bb4 Rc2 29. Rfc1 Rxc1+ 30. Rxc1 Rf7 31. Rxc5 Bf8 32. Rc4 Bxb4 33. Nxc8 Bd2 34.
d6 1-0

*

[Event "6Ã¨me LUC open"]
[Site "Lille"]
[Date "2015-04-05"]
[Round "1.13"]
[White "FARRINGTON, Edward J"]
[Black "TERRIEUX, Kevin"]
[Result "1/2-1/2"]
[WhiteElo "2024"]
[BlackElo "2439"]

1. e4 c5 2. d4 cxd4 3. c3 g6 4. Nf3 Bg7 5. Bc4 d3 6. Qxd3 Nc6 7. Bb3 d6 8. h3
Nf6 9. O-O O-O 10. Be3 Nd7 11. Qe2 Nc5 12. Bc2 b6 13. Rd1 Ba6 14. Qe1 Qc7 15.
Na3 b5 16. b4 Nd7 17. Nd4 Nxd4 18. cxd4 d5 19. Rac1 Qb6 20. exd5 Bb7 21. Bb3
Rac8 22. Qe2 a6 23. Bg5 Bf6 24. Qd2 Bxg5 25. Qxg5 Qd6 26. Rc5 Nf6 27. Nc2 Rfd8
28. Ne3 Ne4 29. Qh4 Nf6 30. f3 Rc7 31. Qg5 Kh8 32. Qe5 Rcd7 33. Kf2 1/2-1/2

*

[Event "6Ã¨me LUC open"]
[Site "Lille"]
[Date "2015-04-05"]
[Round "1.14"]
[White "SAGAR, Shah"]
[Black "COULON, Guillaume"]
[Result "1-0"]
[WhiteElo "2436"]
[BlackElo "2020"]

1. d4 Nf6 2. c4 g6 3. g3 Bg7 4. Bg2 d6 5. Nf3 O-O 6. Nc3 Nc6 7. O-O Bf5 8. Be3
Re8 9. d5 Na5 10. Qa4 c5 11. dxc6 Nxc6 12. Nd4 Nxd4 13. Bxd4 Bd7 14. Qb4 Bc6
15. Nd5 Nd7 16. Bxg7 Kxg7 17. Rad1 Kg8 18. Rd4 Nb6 19. Qd2 Bxd5 20. cxd5 Nd7
21. Bh3 Nf6 22. Rc1 Qb6 23. Rc3 Rad8 24. Rf3 Kg7 25. a4 h5 26. b4 a5 27. b5 Nd7
28. Bxd7 Rxd7 29. Rc4 e5 30. dxe6 Rxe6 31. Qc3+ Re5 32. Rc8 Rd8 33. Qc7 Qxc7
34. Rxc7 1-0

*

[Event "6Ã¨me LUC open"]
[Site "Lille"]
[Date "2015-04-05"]
[Round "1.15"]
[White "INOUSS, Badr"]
[Black "LOISEAU, Quentin"]
[Result "0-1"]
[WhiteElo "2000"]
[BlackElo "2415"]

1. d4 Nf6 2. c4 e6 3. Nf3 d5 4. Nc3 c6 5. Qc2 dxc4 6. a4 Bb4 7. e3 b5 8. Be2
Bb7 9. O-O a6 10. Rd1 Nbd7 11. e4 h6 12. Bf4 O-O 13. h3 Qc8 14. Nh2 c5 15. Bd6
Bxc3 16. bxc3 cxd4 17. Rxd4 e5 18. Rdd1 Bxe4 19. Qb2 Re8 20. axb5 axb5 21. Qxb5
Rxa1 22. Rxa1 Re6 23. Bb4 Bd5 24. Bg4 Rb6 25. Bxd7 Qb7 26. Bc6 Bxc6 27. Qxc4
Bxg2 0-1

*

[Event "6Ã¨me LUC open"]
[Site "Lille"]
[Date "2015-04-05"]
[Round "1.16"]
[White "DOURERASSOU, Jonathan"]
[Black "CADERON, Michel"]
[Result "1-0"]
[WhiteElo "2414"]
[BlackElo "1999"]

1. e4 c5 2. Nc3 d6 3. f4 g6 4. Nf3 Nc6 5. Bc4 Bg7 6. O-O e6 7. d3 Nge7 8. Qe1
a6 9. a3 Nd4 10. Nxd4 cxd4 11. Nd1 O-O 12. Bb3 Qc7 13. Nf2 Bd7 14. Nh3 a5 15.
Qh4 a4 16. Ba2 Rae8 17. Rf2 Bc6 18. f5 exf5 19. Bh6 d5 20. Ng5 Qe5 21. Nf3 Qc7
22. Bxg7 Kxg7 23. exd5 f4 24. Nxd4 Bxd5 25. c4 Qe5 26. Qxf4 Nc6 27. Qxe5+ Rxe5
28. Nc2 Bxg2 29. Kxg2 Rd8 30. Rd1 Nd4 31. Nxd4 Rxd4 32. Bb1 h5 33. Rdf1 f5 34.
Rf4 Re2+ 35. Kf3 Rxf4+ 36. Kxe2 Rh4 37. Rf2 Kf6 38. Bc2 Ke5 39. Bxa4 f4 40. Bd7
g5 41. Bc8 b6 42. b4 g4 43. d4+ Ke4 44. Bb7+ Kf5 45. c5 Rh3 46. cxb6 Rxa3 47.
Bc8+ Ke4 48. b7 f3+ 49. Kd2 Ra2+ 50. Kc3 Rxf2 51. b8=Q 1-0

*

[Event "6Ã¨me LUC open"]
[Site "Lille"]
[Date "2015-05-04"]
[Round "1.18"]
[White "LE, Quang Long"]
[Black "DROGOU, Gerard"]
[Result "1-0"]
[WhiteElo "2405"]
[BlackElo "1980"]

1. c4 e6 2. Nf3 d5 3. g3 Nf6 4. Bg2 Be7 5. O-O O-O 6. d4 dxc4 7. Qa4 a6 8. Qxc4
b5 9. Qc2 Bb7 10. Bd2 Nbd7 11. Ba5 Rc8 12. Nbd2 Qe8 13. b4 Bd6 14. Rfe1 Qe7 15.
a3 e5 16. Nxe5 Bxg2 17. Nxd7 Qxd7 18. Kxg2 Qg4 19. e4 Qg6 20. Rac1 Bf4 21. Rcd1
Rfe8 22. f3 h5 23. Kf2 Bh6 24. h4 Nd5 25. Nb3 Ne3 26. Rxe3 Bxe3+ 27. Kxe3 Qxg3
28. Nc5 f5 29. Qf2 Qh3 30. e5 f4+ 31. Kd2 Qf5 32. Kc3 Qh7 33. e6 Qf5 34. d5
Qf6+ 35. Kb3 Re7 36. Nd7 Qf5 37. Qc5 Ree8 38. Qc2 Qh3 39. Qc3 Qg2 40. Ne5 Qe2
41. Rg1 Re7 42. Nc6 Qc4+ 43. Qxc4 bxc4+ 44. Kxc4 1-0

*

[Event "6Ã¨me LUC open"]
[Site "Lille"]
[Date "2015-04-05"]
[Round "1.19"]
[White "BLOEM, Mark"]
[Black "SHIRAZI, Kamran"]
[Result "0-1"]
[WhiteElo "1978"]
[BlackElo "2385"]

1. e4 e5 2. Nf3 Nc6 3. Bb5 f5 4. d4 fxe4 5. Nxe5 Nxe5 6. dxe5 c6 7. Be2 Qa5+ 8.
Bd2 Qxe5 9. Bh5+ Kd8 10. Bc3 Qg5 11. Qg4 Qxg4 12. Bxg4 Nf6 13. Bf5 d5 14. Bxc8
Rxc8 15. O-O Bc5 16. Rd1 Rf8 17. Nd2 e3 18. Bxf6+ Rxf6 19. Ne4 e2 20. Nxc5
exd1=Q+ 21. Rxd1 b6 22. Ne4 Re6 23. Ng3 Kc7 24. f4 Rf8 25. f5 Re5 26. h4 g6 27.
fxg6 hxg6 0-1

*

[Event "6Ã¨me LUC open"]
[Site "Lille"]
[Date "2015-04-05"]
[Round "1.20"]
[White "MARTYNOV, Pavel"]
[Black "STAS, Arnould"]
[Result "1-0"]
[WhiteElo "2440"]
[BlackElo "1967"]

1. d4 Nf6 2. Nf3 g6 3. c4 Bg7 4. Nc3 O-O 5. e4 d6 6. h3 e5 7. d5 Nbd7 8. Bg5 h6
9. Be3 Nc5 10. Nd2 a5 11. g4 Nfd7 12. Rg1 c6 13. Be2 a4 14. a3 Qa5 15. h4 Nb6
16. h5 g5 17. Kf1 Bf6 18. Rg3 Nbd7 19. Kg2 Bd8 20. Qc2 Bb6 21. Kh2 Qa7 22. Re1
Qb8 23. Bd1 Ba5 24. Be2 Bxc3 25. bxc3 Qc7 26. Rgg1 Qa5 27. Rb1 Na6 28. Nf1 c5
29. Qd2 Qd8 30. Ng3 Ndb8 31. Rb2 f6 32. Rgb1 Rf7 33. Bd1 Qf8 34. Qe2 Ra7 35.
Qf3 Kg7 36. Rb6 Qd8 37. Nf5+ Bxf5 38. Qxf5 Kh8 39. Bxa4 Nb4 40. R6xb4 1-0

*

[Event "6Ã¨me LUC open"]
[Site "Lille"]
[Date "2015-04-05"]
[Round "1.21"]
[White "ROSENAUER, Horst"]
[Black "LAZAREV, Vladimir"]
[Result "0-1"]
[WhiteElo "1966"]
[BlackElo "2361"]

1. e4 c5 2. Nf3 Nc6 3. d4 cxd4 4. Nxd4 Qb6 5. Nb3 Nf6 6. Nc3 e6 7. Be3 Qc7 8.
a3 a6 9. f3 b5 10. Qd2 Ne5 11. Qd4 Nc6 12. Qd2 d6 13. Nd4 Be7 14. Nxc6 Qxc6 15.
g4 Rb8 16. g5 Nd7 17. Ne2 O-O 18. Nd4 Qc7 19. Rg1 Nb6 20. Rg3 Bd7 21. b3 d5 22.
Bd3 dxe4 23. fxe4 g6 24. Nf3 e5 25. Ke2 Be6 26. h4 Nc4 27. bxc4 bxc4 28. Qd1
Rb2 29. Ne1 cxd3+ 30. Nxd3 Rxc2+ 31. Kf3 f6 32. Rg2 fxg5+ 33. Kg3 gxh4+ 34. Kh2
Rxg2+ 35. Kxg2 Rd8 36. Qb1 Qc3 0-1

*

[Event "6Ã¨me LUC open"]
[Site "Lille"]
[Date "2015-04-05"]
[Round "1.22"]
[White "VALLES, Manuel"]
[Black "LABADIE, Jean-Jacques"]
[Result "1-0"]
[WhiteElo "2354"]
[BlackElo "1958"]

1. d4 Nf6 2. c4 d6 3. Nc3 e5 4. d5 Be7 5. e4 Nbd7 6. Bd3 Nc5 7. Bc2 a5 8. Nge2
O-O 9. O-O Nh5 10. a3 Bg5 11. Kh1 g6 12. f4 exf4 13. Bxf4 Bxf4 14. Nxf4 Nxf4
15. Rxf4 Nd7 16. Qd4 Qg5 17. Raf1 Ne5 18. c5 Bd7 19. cxd6 cxd6 20. Rf6 Ra6 21.
Bd3 Nxd3 22. Qxd3 Rb6 23. Qf3 Ra6 24. Qf4 Qe5 25. Nb5 Qe7 26. Nd4 Ba4 27. Qh4
Qe5 28. Ne6 Bb5 29. Qh6 Qxe6 30. dxe6 Bxf1 31. Rxf1 b5 32. h4 Raa8 33. Rxf7
Rxf7 34. exf7+ Kxf7 35. Qxh7+ Kf6 36. Qd7 1-0

*